Countries Whose Capitals Aren't Their Biggest Cities - Statistics

General Stats
  • This quiz has been taken 67 times
  • The average score is 25 of 37
Answer Stats
Country % Correct
Canada
100%
United States
98%
Australia
95%
China
95%
Brazil
93%
South Africa
91%
Turkey
90%
New Zealand
88%
Nigeria
88%
Pakistan
88%
India
84%
Morocco
84%
United Arab Emirates
79%
Vietnam
79%
Israel
78%
Bolivia
76%
Kazakhstan
76%
Sri Lanka
74%
Switzerland
72%
Myanmar
69%
Tanzania
69%
Ecuador
62%
Ivory Coast
62%
Burundi
60%
Belize
59%
Benin
57%
Cameroon
52%
Liechtenstein
52%
Malta
50%
Trinidad and Tobago
48%
Palau
45%
San Marino
41%
F.S. Micronesia
38%
Equatorial Guinea
34%
Gambia
33%
Philippines
33%
Taiwan
33%
No matching quizzes found
Score Distribution
Percent of People with Each Score
Percentile by Number Answered
Your Score History
You have not taken this quiz